[Event "Asia-ch"]
[Site "Al Ain"]
[Date "2025.05.14"]
[Round "8"]
[White "Ilamparthi, AR."]
[Black "Garcia, Jan Emmanuel"]
[Result "1/2-1/2"]
[WhiteElo "2469"]
[BlackElo "2403"]
[PlyCount "114"]
[EventDate "2025.05.07"]
[EventType "swiss"]
[EventRounds "9"]
[EventCountry "UAE"]
[SourceTitle "CB21_2025"]
[SourceDate "2025.05.21"]
[SourceVersion "1"]
[SourceVersionDate "2025.05.21"]
[SourceQuality "1"]

1. e4 e5 2. Nf3 Nc6 3. Bb5 Nf6 4. 0-0 Nxe4 5. Re1 Nd6 6. Nxe5 Be7 7. Bf1 Nxe5 8. Rxe5 0-0 9. d4 Bf6 10. Re2 Nc4 11. b3 Nb6 12. h3 d5 13. Qd3 Re8 14. Rxe8+ Qxe8 15. Nc3 c6 16. a4 a5 17. Bf4 Be6 18. Re1 Qd7 19. Nd1 Nc8 20. Ne3 Ne7 21. g4 Ng6 22. Bg3 Bh4 23. Bh2 Rf8 24. Ng2 Bd8 25. Qe3 Nh4 26. Bd3 Nxg2 27. Kxg2 Bc7 28. Bxc7 Qxc7 29. f4 Bc8 30. f5 f6 31. c4 Bd7 32. Qf3 Qd6 33. c5 Qc7 34. h4 Re8 35. Rb1 Bc8 36. Qf2 Qe7 37. b4 axb4 38. Rxb4 h6 39. a5 Qc7 40. Rb6 Re7 41. Qd2 Bd7 42. Kf3 Be8 43. Rb2 Kf8 44. Rb1 h5 45. Rg1 hxg4+ 46. Kxg4 Kg8 47. h5 Kh7 48. Kh4 Re3 49. Rxg7+ Kxg7 50. Qxe3 Qh2+ 51. Qh3 Qxh3+ 52. Kxh3 Bxh5 53. Kh4 Be8 54. Be2 Kh6 55. Bg4 Bd7 56. Bh3 Bc8 57. Kg4 Bd7 1/2-1/2

[Event "Asia-ch"]
[Site "Al Ain"]
[Date "2025.05.11"]
[Round "5"]
[White "Garcia, Jan Emmanuel"]
[Black "Goryachkina, Aleksandra"]
[Result "1/2-1/2"]
[WhiteElo "2403"]
[BlackElo "2544"]
[PlyCount "33"]
[EventDate "2025.05.07"]
[EventType "swiss"]
[EventRounds "9"]
[EventCountry "UAE"]
[SourceTitle "CB21_2025"]
[SourceDate "2025.05.21"]
[SourceVersion "1"]
[SourceVersionDate "2025.05.21"]
[SourceQuality "1"]

1. Nf3 d5 2. d4 Nf6 3. c4 e6 4. cxd5 exd5 5. Nc3 c6 6. Qc2 Be7 7. Bg5 g6 8. e3 Bf5 9. Bd3 Bxd3 10. Qxd3 Nbd7 11. Bh6 Ng4 12. Bf4 Ngf6 13. h3 a5 14. Bh6 Bf8 15. Bf4 Be7 16. Bh6 Bf8 17. Bf4 1/2-1/2

[Event "Bandung IM"]
[Site "Bandung"]
[Date "2025.02.18"]
[Round "4"]
[White "Garcia, Jan Emmanuel"]
[Black "Budhidharma, Nayaka"]
[Result "0-1"]
[WhiteElo "2415"]
[BlackElo "2356"]
[PlyCount "74"]
[EventDate "2025.02.16"]
[EventType "tourn"]
[EventRounds "11"]
[EventCountry "INA"]
[EventCategory "4"]
[SourceTitle "CB10_2025"]
[SourceDate "2025.03.05"]
[SourceVersion "1"]
[SourceVersionDate "2025.03.05"]
[SourceQuality "1"]

1. c4 e5 2. g3 Nf6 3. Bg2 c6 4. Nf3 e4 5. Nd4 Qb6 6. e3 Na6 7. Nc3 Nc5 8. 0-0 d5 9. cxd5 cxd5 10. b3 h5 11. Ba3 h4 12. Bxc5 Bxc5 13. Na4 Qa5 14. Nxc5 Qxc5 15. Rc1 Qb6 16. Qc2 0-0 17. Qc5 h3 18. Bh1 Qa6 19. Qb5 Qxa2 20. Ra1 Qxd2 21. Rfd1 Qc3 22. Rdc1 Qd3 23. Qxd3 exd3 24. Rd1 Bd7 25. Rxd3 Rfc8 26. f3 a5 27. g4 a4 28. bxa4 Rxa4 29. Rb1 Ra2 30. g5 Ne8 31. f4 Rc5 32. Bf3 Nd6 33. Nb3 Rcc2 34. Rbd1 Bg4 35. Bxg4 Rg2+ 36. Kf1 Raf2+ 37. Ke1 Ne4 0-1

[Event "Bandung IM"]
[Site "Bandung"]
[Date "2025.02.16"]
[Round "1"]
[White "Latifah, Laysa"]
[Black "Garcia, Jan Emmanuel"]
[Result "0-1"]
[WhiteElo "2287"]
[BlackElo "2415"]
[PlyCount "88"]
[EventDate "2025.02.16"]
[EventType "tourn"]
[EventRounds "11"]
[EventCountry "INA"]
[EventCategory "4"]
[SourceTitle "CB10_2025"]
[SourceDate "2025.03.05"]
[SourceVersion "1"]
[SourceVersionDate "2025.03.05"]
[SourceQuality "1"]

1. e4 e5 2. Nf3 Nc6 3. Bc4 Bc5 4. b4 Bxb4 5. c3 Ba5 6. d4 d6 7. Qb3 Qd7 8. dxe5 Bb6 9. Bb5 Nge7 10. 0-0 0-0 11. exd6 cxd6 12. Bf4 d5 13. exd5 Qxd5 14. c4 Qh5 15. Nbd2 Be6 16. Rfe1 Rac8 17. Ne4 Ba5 18. Ng3 Qc5 19. Red1 Rfd8 20. Ne4 Qf5 21. Bxc6 Qxf4 22. Bxb7 Rxc4 23. Qb5 Qc7 24. a3 h6 25. h3 Rb8 26. Nd6 Rc5 27. Qa6 Bb6 28. Be4 Rd8 29. Nb5 Rxd1+ 30. Rxd1 Qb8 31. Nbd4 Bd5 32. Qd3 Qf4 33. Bh7+ Kh8 34. g3 Qd6 35. Nf5 Nxf5 36. Bxf5 Ra5 37. Kg2 Qc5 38. Qe2 Bxf3+ 39. Qxf3 Qxf5 40. Qe2 Re5 41. Qb2 Re8 42. h4 Kg8 43. Rc1 Qe5 44. Qb3 Qe6 0-1

[Event "Titled Tuesday intern op 07th Jan Early"]
[Site "Chess.com INT"]
[Date "2025.01.07"]
[Round "5"]
[White "Garcia, Jan Emmanuel"]
[Black "Kreken, Eivind Grunt"]
[Result "1-0"]
[WhiteElo "2415"]
[BlackElo "2302"]
[PlyCount "83"]
[EventDate "2025.01.07"]
[EventType "swiss (blitz)"]
[EventRounds "11"]
[EventCountry "USA"]
[SourceTitle "CB03_2025"]
[SourceDate "2025.01.15"]
[SourceVersion "1"]
[SourceVersionDate "2025.01.15"]
[SourceQuality "1"]

1. c4 e6 2. g3 d5 3. Nf3 Nf6 4. Bg2 c5 5. 0-0 Nc6 6. cxd5 exd5 7. d4 Be7 8. Nc3 0-0 9. dxc5 Bxc5 10. Na4 Be7 11. Be3 Bg4 12. Rc1 Re8 13. Nc5 Bxc5 14. Bxc5 Qd7 15. Re1 Rad8 16. Nd4 Ne4 17. Nxc6 bxc6 18. Bd4 Bh3 19. Bh1 h5 20. Qa4 Rc8 21. Qxa7 Qf5 22. f3 Nd6 23. Bf2 Nc4 24. b3 Ne5 25. Qd4 Ra8 26. a4 Rab8 27. Rc3 Re6 28. a5 Rbe8 29. a6 Nd7 30. Qd2 c5 31. e4 dxe4 32. Qxd7 exf3 33. Qxe8+ Rxe8 34. Rxe8+ Kh7 35. Bxf3 g6 36. a7 Qd7 37. a8Q Qb5 38. Rh8+ Kg7 39. Bg2 Bg4 40. Re3 Qd7 41. Qf8+ Kf6 42. Qd8+ 1-0

[Event "PHI-ch"]
[Site "Alicia"]
[Date "2024.10.27"]
[Round "6"]
[White "Garcia, Jan Emmanuel"]
[Black "Medina, Vince Angelo"]
[Result "1-0"]
[WhiteElo "2389"]
[BlackElo "2166"]
[PlyCount "49"]
[EventDate "2024.10.24"]
[EventType "tourn"]
[EventRounds "11"]
[EventCountry "PHI"]
[EventCategory "2"]
[SourceTitle "CB44_2024"]
[Source "Chessbase"]
[SourceDate "2024.10.30"]
[SourceVersion "1"]
[SourceVersionDate "2024.10.30"]
[SourceQuality "1"]

1. c4 c5 2. g3 Nc6 3. Bg2 Nf6 4. Nf3 e6 5. 0-0 Be7 6. d4 cxd4 7. Nxd4 0-0 8. Nc3 h6 9. b3 a6 10. Bb2 Qc7 11. Rc1 d6 12. Nd5 Qd8 13. Nxc6 bxc6 14. Nxe7+ Qxe7 15. Bxc6 Rb8 16. c5 dxc5 17. Be5 Rd8 18. Qc2 Rb6 19. Qxc5 Qxc5 20. Rxc5 Ne8 21. Bc3 Bb7 22. Ba5 Bxc6 23. Bxb6 Rd6 24. Ba5 Kh7 25. f3 1-0

[Event "PHI-ch"]
[Site "Alicia"]
[Date "2024.10.26"]
[Round "5"]
[White "Maribao, Alexis Emil"]
[Black "Garcia, Jan Emmanuel"]
[Result "0-1"]
[WhiteElo "2108"]
[BlackElo "2389"]
[PlyCount "96"]
[EventDate "2024.10.24"]
[EventType "tourn"]
[EventRounds "11"]
[EventCountry "PHI"]
[EventCategory "2"]
[SourceTitle "CB44_2024"]
[Source "Chessbase"]
[SourceDate "2024.10.30"]
[SourceVersion "1"]
[SourceVersionDate "2024.10.30"]
[SourceQuality "1"]

1. e4 c5 2. Nf3 g6 3. d4 cxd4 4. Nxd4 Nc6 5. Nc3 Bg7 6. Nxc6 bxc6 7. Bc4 d6 8. Qf3 Nf6 9. e5 dxe5 10. Qxc6+ Bd7 11. Qa6 0-0 12. 0-0 Qc7 13. Bb3 Bc8 14. Qa4 Bb7 15. Be3 Bc6 16. Qh4 Qb7 17. f3 e6 18. Bh6 a5 19. Bxg7 Kxg7 20. a4 Qb4 21. Qg3 Qc5+ 22. Qf2 Nd7 23. Rfe1 Qxf2+ 24. Kxf2 Rab8 25. Nb5 Rfc8 26. Re2 Nc5 27. Bc4 Nxa4 28. Na7 Nxb2 29. Nxc8 Nxc4 30. Na7 Bd5 31. Ra4 Kf6 32. Re1 Rb7 33. Nc6 Nb2 34. Nxa5 Nxa4 35. Nxb7 Bxb7 36. Rb1 Bc6 37. Rb8 h5 38. h4 Ke7 39. g4 e4 40. gxh5 gxh5 41. fxe4 Bxe4 42. c4 e5 43. Ke3 Bg6 44. Rb5 f6 45. Ra5 Nb6 46. Ra7+ Kd6 47. c5+ Kxc5 48. Rg7 Bf5 0-1

[Event "Titled Tuesday intern op 07th May Early"]
[Site "Chess.com INT"]
[Date "2024.05.07"]
[Round "1"]
[White "Garcia, Jan Emmanuel"]
[Black "Brzezina, Piotr"]
[Result "1-0"]
[WhiteElo "2389"]
[BlackElo "2298"]
[PlyCount "75"]
[EventDate "2024.05.07"]
[EventType "swiss (blitz)"]
[EventRounds "11"]
[EventCountry "USA"]
[SourceTitle "EXT 2025"]
[Source "ChessBase"]
[SourceDate "2024.10.14"]
[SourceVersion "1"]
[SourceVersionDate "2024.10.14"]
[SourceQuality "1"]

1. c4 Nf6 2. g3 c5 3. Bg2 d5 4. cxd5 Nxd5 5. Nf3 Nc6 6. d4 e6 7. 0-0 Be7 8. dxc5 Bxc5 9. a3 0-0 10. b4 Be7 11. Bb2 Bf6 12. Ra2 a5 13. b5 Na7 14. Nd4 Bxd4 15. Qxd4 Nf6 16. a4 Qxd4 17. Bxd4 Rd8 18. Bxf6 gxf6 19. Rc2 Rd7 20. Rfc1 Rb8 21. Rc7 b6 22. Rxd7 Bxd7 23. Rc7 Bxb5 24. Rxa7 Bxa4 25. Nc3 Bb3 26. Nb5 Bc4 27. Nd6 Bxe2 28. Nxf7 Rc8 29. Nh6+ Kh8 30. Be4 f5 31. Ba8 Rc1+ 32. Kg2 Rc8 33. Kh3 Bd3 34. Kh4 b5 35. Kg5 b4 36. Kf6 b3 37. Rg7 b2 38. Nf7# 1-0

[Event "Jakarta Pertamina IM"]
[Site "Jakarta"]
[Date "2024.04.29"]
[Round "9"]
[White "Garcia, Jan Emmanuel"]
[Black "Farid, Firman Syah"]
[Result "1/2-1/2"]
[WhiteElo "2408"]
[BlackElo "2392"]
[PlyCount "96"]
[EventDate "2024.04.23"]
[EventType "tourn"]
[EventRounds "11"]
[EventCountry "INA"]
[EventCategory "4"]
[SourceTitle "CBM 220 Extra"]
[Source "ChessBase"]
[SourceDate "2024.07.31"]
[SourceVersion "1"]
[SourceVersionDate "2024.07.31"]
[SourceQuality "1"]

1. c4 Nf6 2. g3 c6 3. Nf3 d5 4. Bg2 g6 5. cxd5 cxd5 6. d4 Nc6 7. Ne5 Qb6 8. Nxc6 bxc6 9. Nc3 Bg7 10. Na4 Qb4+ 11. Nc3 Ne4 12. Qb3 Qxd4 13. Nxe4 dxe4 14. Qc2 0-0 15. Qxe4 Be6 16. 0-0 Qxe4 17. Bxe4 Rab8 18. Rb1 Bxa2 19. Ra1 Bd5 20. Bxd5 cxd5 21. Rxa7 e6 22. Ra4 Bxb2 23. Bxb2 Rxb2 24. e4 Rc8 25. exd5 exd5 26. Rd1 Rcc2 27. Rf4 Rd2 28. Ra1 Rb7 29. Ra8+ Kg7 30. Rd8 Re7 31. h4 h5 32. Rd6 Re6 33. Rd8 Rf6 34. Rxf6 Kxf6 35. Kg2 Ke7 36. Ra8 Re2 37. Ra7+ Ke6 38. Ra6+ Kf5 39. Ra7 f6 40. Rd7 Ke4 41. Rd6 Ke5 42. Rd8 Re4 43. Rg8 d4 44. Rd8 Ke6 45. f3 Re2+ 46. Kf1 Rd2 47. Ke1 Rd3 48. Ke2 Ke5 1/2-1/2

[Event "PHI-ch"]
[Site "Marikina City"]
[Date "2024.01.07"]
[Round "13"]
[White "Garcia, Jan Emmanuel"]
[Black "Arca, Christian Gian Karl"]
[Result "1/2-1/2"]
[WhiteElo "2404"]
[BlackElo "2277"]
[PlyCount "23"]
[EventDate "2023.12.27"]
[EventType "tourn"]
[EventRounds "13"]
[EventCountry "PHI"]
[SourceTitle "CBM 218 Extra"]
[Source "ChessBase"]
[SourceDate "2024.03.31"]
[SourceVersion "1"]
[SourceVersionDate "2024.03.31"]
[SourceQuality "1"]

1. Nf3 Nf6 2. c4 e6 3. g3 d5 4. Bg2 Be7 5. 0-0 0-0 6. b3 b6 7. Bb2 Bb7 8. cxd5 Nxd5 9. d4 c5 10. Nbd2 Nc6 11. dxc5 Bxc5 12. Ne4 1/2-1/2

[Event "PHI-ch"]
[Site "Marikina City"]
[Date "2024.01.04"]
[Round "9"]
[White "Garcia, Jan Emmanuel"]
[Black "Antonio, Rogelio Jr"]
[Result "1-0"]
[WhiteElo "2404"]
[BlackElo "2375"]
[PlyCount "80"]
[EventDate "2023.12.27"]
[EventType "tourn"]
[EventRounds "13"]
[EventCountry "PHI"]
[SourceTitle "CBM 218 Extra"]
[Source "ChessBase"]
[SourceDate "2024.03.31"]
[SourceVersion "1"]
[SourceVersionDate "2024.03.31"]
[SourceQuality "1"]

1. Nf3 c5 2. c4 Nc6 3. g3 g6 4. Bg2 Bg7 5. 0-0 e5 6. d3 Nge7 7. Nc3 d6 8. Ne1 0-0 9. Nc2 Rb8 10. Rb1 a5 11. a3 Be6 12. Ne3 f5 13. Ned5 Kh8 14. Bd2 Bg8 15. b4 axb4 16. axb4 Nxb4 17. Nxb4 cxb4 18. Rxb4 d5 19. cxd5 Nxd5 20. Rb5 Nxc3 21. Bxc3 Qc7 22. Qa1 Rfe8 23. Rc1 Qe7 24. Qb2 Rec8 25. Rxe5 Qd7 26. Rb5 Rxc3 27. Rxc3 b6 28. Qb4 Bxc3 29. Qxc3+ Qg7 30. Qc6 Qd4 31. e3 Qa1+ 32. Bf1 Qa7 33. h4 Bf7 34. Qf6+ Kg8 35. h5 gxh5 36. Bg2 Qd7 37. Rxf5 h6 38. Re5 Qxd3 39. Be4 Qd1+ 40. Kh2 Re8 1-0

[Event "PHI-ch"]
[Site "Marikina City"]
[Date "2023.12.28"]
[Round "2"]
[White "Medina, Vince Angelo"]
[Black "Garcia, Jan Emmanuel"]
[Result "0-1"]
[WhiteElo "2125"]
[BlackElo "2404"]
[PlyCount "96"]
[EventDate "2023.12.27"]
[EventType "tourn"]
[EventRounds "13"]
[EventCountry "PHI"]
[SourceTitle "CBM 218 Extra"]
[Source "ChessBase"]
[SourceDate "2024.03.31"]
[SourceVersion "1"]
[SourceVersionDate "2024.03.31"]
[SourceQuality "1"]

1. d4 Nf6 2. Bg5 d5 3. Bxf6 exf6 4. e3 Be6 5. g3 c6 6. Bg2 Nd7 7. Ne2 Bd6 8. Nd2 0-0 9. 0-0 Re8 10. c3 Nb6 11. a4 a5 12. Qc2 Qd7 13. b3 Rac8 14. Rfe1 Bg4 15. c4 c5 16. dxc5 Bxc5 17. Nf4 Bb4 18. Rec1 Be6 19. Qb2 dxc4 20. Nxc4 Bxc4 21. bxc4 Nxa4 22. Qe2 Nc3 23. Qf1 a4 24. Nd5 Nxd5 25. Bxd5 Bc5 26. Qd1 a3 27. Qb3 b6 28. Rd1 Qe7 29. Ra2 Rc7 30. Kg2 g6 31. e4 h5 32. f4 Kg7 33. Re1 Qd8 34. h3 Rce7 35. Qb5 Qd6 36. Qc6 Qxc6 37. Bxc6 Rd8 38. Bd5 b5 39. Rb1 b4 40. Rb3 f5 41. e5 f6 42. e6 Rd6 43. h4 Rexe6 44. Bxe6 Rxe6 45. Kf3 Re4 46. Rc2 Re3+ 47. Rxe3 Bxe3 48. Ra2 Bc5 0-1

[Event "PHI-ch"]
[Site "Marikina City"]
[Date "2023.12.27"]
[Round "1"]
[White "San Diego, Marie Antoinette"]
[Black "Garcia, Jan Emmanuel"]
[Result "0-1"]
[WhiteElo "2081"]
[BlackElo "2404"]
[PlyCount "116"]
[EventDate "2023.12.27"]
[EventType "tourn"]
[EventRounds "13"]
[EventCountry "PHI"]
[SourceTitle "CBM 218 Extra"]
[Source "ChessBase"]
[SourceDate "2024.03.31"]
[SourceVersion "1"]
[SourceVersionDate "2024.03.31"]
[SourceQuality "1"]

1. d4 Nf6 2. g3 g6 3. Bg2 Bg7 4. Nf3 0-0 5. 0-0 d6 6. b3 c5 7. Bb2 cxd4 8. Nxd4 d5 9. c4 dxc4 10. bxc4 Qb6 11. Nb3 Rd8 12. Qc1 Nc6 13. Nc3 Be6 14. Ne4 Nxe4 15. Bxg7 Nxg3 16. hxg3 Kxg7 17. Qc3+ Kg8 18. Rab1 Rac8 19. c5 Qa6 20. Rb2 Bd5 21. Qe3 Qa3 22. Rd2 Bxg2 23. Kxg2 Rxd2 24. Qxd2 Rd8 25. Qh6 Qb2 26. Rh1 Qg7 27. Qxg7+ Kxg7 28. Rb1 f5 29. f4 Kf6 30. e3 e5 31. Kf2 Rd7 32. Ke2 Ke6 33. fxe5 Kxe5 34. Kf3 h5 35. Rc1 Kf6 36. Rb1 Kg5 37. Nd4 Nxd4+ 38. exd4 Rxd4 39. Rxb7 Ra4 40. c6 Rxa2 41. c7 Rc2 42. Rxa7 Rc3+ 43. Kg2 h4 44. gxh4+ Kxh4 45. Ra4+ Kh5 46. Ra7 f4 47. Ra8 Rxc7 48. Kf3 Kh4 49. Kxf4 Rf7+ 50. Ke3 g5 51. Rg8 g4 52. Ke2 Kh3 53. Rg6 g3 54. Rh6+ Kg2 55. Re6 Kg1 56. Rg6 g2 57. Re6 Rh7 58. Kf3 Kh1 0-1

[Event "Marikina City Kamatyas"]
[Site "Marikina City"]
[Date "2023.12.16"]
[Round "9"]
[White "Gomez, John Paul"]
[Black "Garcia, Jan Emmanuel"]
[Result "1-0"]
[WhiteElo "2412"]
[BlackElo "2403"]
[PlyCount "82"]
[EventDate "2023.12.10"]
[EventType "tourn"]
[EventRounds "9"]
[EventCountry "PHI"]
[EventCategory "7"]
[SourceTitle "CBM 217 Extra"]
[Source "ChessBase"]
[SourceDate "2024.01.31"]
[SourceVersion "1"]
[SourceVersionDate "2024.01.31"]
[SourceQuality "1"]

1. d4 Nf6 2. c4 g6 3. Nc3 d5 4. cxd5 Nxd5 5. e4 Nxc3 6. bxc3 Bg7 7. Bc4 c5 8. Ne2 0-0 9. Be3 Nc6 10. 0-0 Qc7 11. Rc1 Rd8 12. h4 Bg4 13. f3 Bd7 14. h5 Na5 15. Bd3 e6 16. f4 b5 17. f5 exf5 18. exf5 Nc4 19. Bxc4 bxc4 20. hxg6 hxg6 21. fxg6 fxg6 22. Bf4 Qb7 23. Qd2 cxd4 24. Nxd4 Bf5 25. Bh6 Bxd4+ 26. cxd4 Qd5 27. Rf4 Rac8 28. Rcf1 c3 29. Qc1 Bd3 30. R1f3 Be4 31. Re3 Re8 32. Qe1 Qxd4 33. Kh2 Rc4 34. Qg3 Qe5 35. Rf8+ Kh7 36. Rxe8 Qxe8 37. Qf4 c2 38. Rh3 Kg8 39. Qf6 Rc7 40. Bf8 Rh7 41. Rxh7 Qb8+ 1-0